[Event "Graz op-A 19th"]
[Site "Graz"]
[Date "2012.08.30"]
[Round "6"]
[White "Glaser, Gerhard"]
[Black "Hocevar, Nikola"]
[Result "1-0"]
[WhiteElo "2036"]
[BlackElo "2019"]
[PlyCount "89"]
[EventDate "2012.08.25"]
[EventType "swiss"]
[EventRounds "9"]
[EventCountry "AUT"]
[SourceTitle "CBM 150 Extra"]
[Source "ChessBase"]
[SourceDate "2012.10.19"]
[SourceVersion "1"]
[SourceVersionDate "2012.10.19"]
[SourceQuality "1"]

1. e4 c5 2. Nf3 Nc6 3. d4 cxd4 4. Nxd4 Nf6 5. Nc3 g6 6. Be3 Bg7 7. Be2 0-0 8. 0-0 d5 9. exd5 Nxd5 10. Nxd5 Qxd5 11. Bf3 Qc4 12. Nxc6 bxc6 13. c3 Be6 14. Be2 Qd5 15. Qa4 Qd7 16. Rfd1 Qb7 17. Rd2 Be5 18. Rad1 Bc7 19. Bh6 Rfe8 20. Bf3 Bd5 21. Rxd5 cxd5 22. Bxd5 Qb6 23. Bxa8 Rxa8 24. Qd4 Qxd4 25. Rxd4 f6 26. Be3 Rb8 27. b3 Kf7 28. Kf1 Ke6 29. Ke2 a5 30. Rc4 Bd6 31. Ra4 Rb5 32. h3 Bc7 33. Kd3 Kd7 34. c4 Rb8 35. Bd2 Kc6 36. Bxa5 Ra8 37. Bxc7 Rxa4 38. bxa4 Kxc7 39. Kd4 Kc6 40. f4 h5 41. a5 e6 42. h4 Kd6 43. a6 Kc6 44. a7 Kb7 45. Kc5 1-0

[Event "Graz op-A 19th"]
[Site "Graz"]
[Date "2012.08.29"]
[Round "5"]
[White "Bornet, Rene"]
[Black "Glaser, Gerhard"]
[Result "1/2-1/2"]
[WhiteElo "2030"]
[BlackElo "2036"]
[PlyCount "38"]
[EventDate "2012.08.25"]
[EventType "swiss"]
[EventRounds "9"]
[EventCountry "AUT"]
[SourceTitle "CBM 150 Extra"]
[Source "ChessBase"]
[SourceDate "2012.10.19"]
[SourceVersion "1"]
[SourceVersionDate "2012.10.19"]
[SourceQuality "1"]

1. d4 e6 2. Nf3 c5 3. c3 Nf6 4. Bg5 cxd4 5. cxd4 Qb6 6. Qc2 Nc6 7. Bxf6 gxf6 8. e3 d5 9. Nc3 Bd7 10. a3 Rc8 11. Be2 Na5 12. 0-0 Bd6 13. Rfd1 Qb3 14. Qb1 Nc4 15. Nd2 Nxd2 16. Rxd2 f5 17. f4 Ke7 18. Qe1 a6 19. Bd1 Qc4 1/2-1/2

[Event "AUT-chT2O 0506"]
[Site "Austria"]
[Date "2006.01.15"]
[Round "6.6"]
[White "Kocsisek, Marcus"]
[Black "Glaser, Gerhard"]
[Result "1-0"]
[WhiteElo "2209"]
[BlackElo "2029"]
[PlyCount "56"]
[EventDate "2005.11.19"]
[EventType "team"]
[EventRounds "11"]
[EventCountry "AUT"]
[SourceTitle "EXT 2006"]
[Source "ChessBase"]
[SourceDate "2005.11.24"]
[SourceVersion "1"]
[SourceVersionDate "2005.11.24"]
[SourceQuality "1"]
[WhiteTeam "Lackenbach"]
[BlackTeam "Donau"]
[WhiteTeamCountry "AUT"]
[BlackTeamCountry "AUT"]

1. d4 d5 2. Nf3 Nf6 3. e3 e6 4. Bd3 Be7 5. Nbd2 Nbd7 6. b3 0-0 7. 0-0 c5 8. Bb2 b6 9. Ne5 Bb7 10. Qe2 a6 11. Rad1 Qc7 12. f4 Ne4 13. Nxd7 Qxd7 14. Bxe4 dxe4 15. dxc5 bxc5 16. Nxe4 Qc6 17. Nd2 Bf6 18. Bxf6 gxf6 19. Nc4 Qc7 20. Qg4+ Kh8 21. Qh4 Qe7 22. Nd6 Bc6 23. e4 Rg8 24. Rf2 Rg6 25. Qh3 Kg8 26. Qc3 Be8 27. Rfd2 f5 28. exf5 exf5 1-0

[Event "Oberwart op"]
[Site "Oberwart"]
[Date "2004.07.10"]
[Round "1"]
[White "Roiz, Michael"]
[Black "Glaser, Gerhard"]
[Result "1-0"]
[WhiteElo "2574"]
[BlackElo "2026"]
[PlyCount "55"]
[EventDate "2004.07.10"]
[EventType "swiss"]
[EventRounds "9"]
[EventCountry "AUT"]
[SourceTitle "CBM 103 Extra"]
[Source "ChessBase"]
[SourceDate "2005.01.01"]
[SourceVersion "1"]
[SourceVersionDate "2005.01.01"]
[SourceQuality "1"]

1. Nf3 Nf6 2. c4 c5 3. Nc3 g6 4. d4 cxd4 5. Nxd4 Nc6 6. e4 d6 7. Be2 Bg7 8. Be3 0-0 9. 0-0 Bd7 10. Qd2 Nxd4 11. Bxd4 Bc6 12. f3 Rc8 13. Rab1 b6 14. Kh1 Rc7 15. b3 Qa8 16. Rbe1 Rd8 17. Bd3 Nd7 18. Bxg7 Kxg7 19. Nd5 Bxd5 20. exd5 Nf6 21. f4 b5 22. f5 bxc4 23. bxc4 Qc8 24. Qf4 Qd7 25. Re3 Rf8 26. Rh3 e5 27. dxe6 fxe6 28. fxg6 1-0

[Event "Oberwart op"]
[Site "Oberwart"]
[Date "1997.07.05"]
[Round "1"]
[White "Glaser, Gerhard"]
[Black "Baumegger, Siegfried"]
[Result "0-1"]
[WhiteElo "1806"]
[BlackElo "2360"]
[PlyCount "112"]
[EventDate "1997.07.05"]
[EventType "swiss"]
[EventRounds "9"]
[EventCountry "AUT"]
[SourceTitle "EXT 1999"]
[Source "ChessBase"]
[SourceDate "1998.11.16"]
[SourceVersion "1"]
[SourceVersionDate "1998.11.16"]
[SourceQuality "1"]

1. e4 c5 2. Nf3 Nc6 3. d4 cxd4 4. Nxd4 Nf6 5. Nc3 d6 6. Be2 e6 7. Be3 Be7 8. Qd2 a6 9. a4 Bd7 10. 0-0 0-0 11. f4 Qc7 12. Nb3 b6 13. Bf3 Rab8 14. Qf2 Rfe8 15. h3 Bf8 16. g4 Bc8 17. g5 Nd7 18. Bg2 Na5 19. Nxa5 bxa5 20. Rab1 Rb4 21. Rfd1 Bb7 22. Rd3 g6 23. b3 Bg7 24. Na2 Rxe4 25. Bxe4 Bxe4 26. Rd2 e5 27. Rbd1 d5 28. c3 Qc6 29. Rf1 Qe6 30. Qg3 exf4 31. Bxf4 Qb6+ 32. Qf2 Qe6 33. Qg3 Ne5 34. Kh2 Nc6 35. Nc1 d4 36. cxd4 Nxd4 37. Rdf2 Rc8 38. Ne2 Nf5 39. Qg4 Qxb3 40. Ng3 Bd5 41. Nxf5 gxf5 42. Qd1 Qc4 43. Qc1 Bc3 44. Qc2 Be4 45. Qa2 Qd4 46. Bd2 Bb4 47. Qa1 Bd6+ 48. Bf4 Bxf4+ 49. Rxf4 Rc2+ 50. Kg3 Qe3+ 51. Kh4 Rh2 52. g6 hxg6 53. Qc1 Rxh3+ 54. Kg5 Qxc1 55. Rxc1 Kg7 56. Rff1 f6+ 0-1